Retroalimentación sobre el rendimiento relativo en la educación (notice n° 1715252)

détails MARC
000 -LEADER
fixed length control field 01520cam a2200181 4500500
005 - DATE AND TIME OF LATEST TRANSACTION
control field 20260322001507.0
041 ## - LANGUAGE CODE
Language code of text/sound track or separate title fre
042 ## - AUTHENTICATION CODE
Authentication code dc
100 10 - MAIN ENTRY--PERSONAL NAME
Personal name Azmat, Ghazala
Relator term author
245 00 - TITLE STATEMENT
Title Retroalimentación sobre el rendimiento relativo en la educación
260 ## - PUBLICATION, DISTRIBUTION, ETC.
Date of publication, distribution, etc. 2026.<br/>
500 ## - GENERAL NOTE
General note 36
520 ## - SUMMARY, ETC.
Summary, etc. La retroalimentación o feedback sobre el rendimiento es una característica común en la educación, que a menudo se acompaña de comparaciones sociales. Este artículo de revisión analiza las razones teóricas por las que el rendimiento académico de los estudiantes podría responder a la retroalimentación sobre el rendimiento relativo, incluso cuando se proporciona de forma privada y sin incentivos económicos. A continuación, revisamos la evidencia empírica para evaluar lo que se ha aprendido hasta ahora, destacando la importancia de la heterogeneidad en la eficacia de la retroalimentación (dependiendo del contexto sociodemográfico, las habilidades previas, la granularidad de la información, entre otros factores). Como herramienta para la creación de políticas, abogamos por enfoques más específicos y hacemos hincapié en la necesidad de considerar sus efectos más amplios en los resultados no académicos.
700 10 - ADDED ENTRY--PERSONAL NAME
Personal name Iriberri, Nagore
Relator term author
700 10 - ADDED ENTRY--PERSONAL NAME
Personal name Thebault, Georgia
Relator term author
786 0# - DATA SOURCE ENTRY
Note Revue économique | 76 | 4 | 2026-01-16 | p. 505-525 | 0035-2764
856 41 - ELECTRONIC LOCATION AND ACCESS
Uniform Resource Identifier <a href="https://shs.cairn.info/revista-revue-economique-2025-4-page-505?lang=es&redirect-ssocas=7080">https://shs.cairn.info/revista-revue-economique-2025-4-page-505?lang=es&redirect-ssocas=7080</a>

Pas d'exemplaire disponible.

PLUDOC

PLUDOC est la plateforme unique et centralisée de gestion des bibliothèques physiques et numériques de Guinée administré par le CEDUST. Elle est la plus grande base de données de ressources documentaires pour les Étudiants, Enseignants chercheurs et Chercheurs de Guinée.

Adresse

627 919 101/664 919 101

25 boulevard du commerce
Kaloum, Conakry, Guinée

Réseaux sociaux

Powered by Netsen Group @ 2025